Economic development : (Record no. 3992)
[ view plain ]
| 000 -LEADER | |
|---|---|
| fixed length control field | 00823nam a2200265 a 4500 |
| 001 - CONTROL NUMBER | |
| control field | 3992 |
| 003 - CONTROL NUMBER IDENTIFIER | |
| rucl marc code | BD-RjUL |
| 005 - DATE AND TIME OF LATEST TRANSACTION | |
| control field | 20211208233821.0 |
| 008 - FIXED-LENGTH DATA ELEMENTS--GENERAL INFORMATION | |
| fixed length control field | 131221s1975 nyu b 001 0 eng |
| 020 ## - INTERNATIONAL STANDARD BOOK NUMBER | |
| International Standard Book Number | 0060446129 |
| 035 ## - SYSTEM CONTROL NUMBER | |
| System control number | (BD-RjUL)4026 |
| 040 ## - CATALOGING SOURCE | |
| Original cataloging agency | DLC |
| Transcribing agency | DLC |
| Modifying agency | DLC |
| -- | BD-RjUL |
| Language of cataloging | eng |
| 041 ## - LANGUAGE CODE | |
| Language code of text/sound track or separate title | eng |
| 082 00 - DEWEY DECIMAL CLASSIFICATION NUMBER | |
| Edition number | 19 |
| Classification number | 338.9 |
| Author mark and year | MOE 1975 |
| 100 1# - MAIN ENTRY--PERSONAL NAME | |
| Personal name | Morgan, Theodore. |
| 9 (RLIN) | 6811 |
| 245 10 - TITLE STATEMENT | |
| Title | Economic development : |
| Remainder of title | concept and strategy / |
| Statement of responsibility, etc. | Theodore Morgan. |
| 260 ## - PUBLICATION, DISTRIBUTION, ETC. (IMPRINT) | |
| Place of publication, distribution, etc. | New York : |
| Name of publisher, distributor, etc. | Harper & Row, |
| Date of publication, distribution, etc. | c1975. |
| 300 ## - PHYSICAL DESCRIPTION | |
| Pagination | xii, 429 p. ; |
| Size | 24 cm. |
| 504 ## - BIBLIOGRAPHY, ETC. NOTE | |
| Bibliography, etc | Includes bibliographical references and index. |
| 650 #0 - SUBJECT ADDED ENTRY--TOPICAL TERM | |
| Topical term or geographic name as entry element | Economic development. |
| 9 (RLIN) | 12706 |
| Topical term or geographic name as entry element | Industrialization |
| Geographic subdivision | Developing countries. |
| 9 (RLIN) | 12707 |
| 651 #0 - SUBJECT ADDED ENTRY--GEOGRAPHIC NAME | |
| Geographic name | Developing countries |
| General subdivision | Economic policy. |
| 9 (RLIN) | 12708 |
| 942 ## - ADDED ENTRY ELEMENTS (KOHA) | |
| Source of classification or shelving scheme | Dewey Decimal Classification |
| Koha item type | Books |
| Lost status | Source of classification or shelving scheme | Damaged status | Not for loan | Collection code | Permanent Location | Current Location | Shelving location | Date acquired | Source of acquisition | Cost, normal purchase price | Total Checkouts | Full call number | Date last seen | Copy number | Koha item type | Date checked out |
|---|---|---|---|---|---|---|---|---|---|---|---|---|---|---|---|---|
| Dewey Decimal Classification | Not For Loan | Non-fiction | Central Library, University of Rajshahi | Central Library, University of Rajshahi | Reading Room | 10/03/1980 | Heffers. | 11.95 | 338.9 MOE 1975 | 21/12/2013 | C-1 | Books | ||||
| Dewey Decimal Classification | Non-fiction | Central Library, University of Rajshahi | Central Library, University of Rajshahi | 08/01/1981 | Heffers | 11.20 | 338.9 MOE 1975 | 23/02/2014 | C-3 | Books | ||||||
| Dewey Decimal Classification | Non-fiction | Central Library, University of Rajshahi | Central Library, University of Rajshahi | 10/03/1980 | Heffers | 11.95 | 1 | 338.9 MOE 1975 | 03/08/2023 | C-2 | Books | 23/07/2023 |